Nehru's India: (Record no. 17158)

MARC details
000 -LEADER
fixed length control field 00646nam a22002057a 4500
005 - DATE AND TIME OF LATEST TRANSACTION
control field 20081021101528.0
008 - FIXED-LENGTH DATA ELEMENTS--GENERAL INFORMATION
fixed length control field 081021t xxu||||| |||| 00| 0 eng d
010 ## - LIBRARY OF CONGRESS CONTROL NUMBER
LC control number ENG-84196
020 ## - INTERNATIONAL STANDARD BOOK NUMBER
International Standard Book Number 0195687876
020 ## - INTERNATIONAL STANDARD BOOK NUMBER
Terms of availability 425.00 (hb)
035 ## - SYSTEM CONTROL NUMBER
System control number EN-67729
082 ## - DEWEY DECIMAL CLASSIFICATION NUMBER
Classification number 080
245 ## - TITLE STATEMENT
Title Nehru's India:
Remainder of title select speeches /
Statement of responsibility, etc edited by Mushirul Hasan
260 ## - PUBLICATION, DISTRIBUTION, ETC. (IMPRINT)
Place of publication, distribution, etc New Delhi
Name of publisher, distributor, etc Oxford University Press
260 ## - PUBLICATION, DISTRIBUTION, ETC. (IMPRINT)
Date of publication, distribution, etc 2007
300 ## - PHYSICAL DESCRIPTION
Extent vi,278p
Dimensions 23cm
700 ## - ADDED ENTRY--PERSONAL NAME
Personal name Mushirul Hasan
942 ## - ADDED ENTRY ELEMENTS (KOHA)
Source of classification or shelving scheme Dewey Decimal Classification
Koha item type English Books
Classification part 080
Call number suffix NEH
Holdings
Withdrawn status Lost status Source of classification or shelving scheme Damaged status Not for loan Home library Current library Date acquired Cost, normal purchase price Total Checkouts Full call number Barcode Date last seen Cost, replacement price Price effective from Koha item type
    Dewey Decimal Classification   Not For Loan D.B.Act.Division D.B.Act.Division 27/02/2007 425.00   080 NEH EN-67729 21/10/2008 425.00 21/10/2008 English Books

© Delhi Public Library
Hit Counter
free hit counter